000 00407ntaaa2200169 4500
003 01
005 20251027201453.0
008 0714s1973 ag 01
040 _aAR-BaBN
_bspa
_cAR-BaBN
_eaacr
_dRIC
082 _a226.5000 M612
100 _aMeyer, F. B.
_9969
245 _aLa vida y la luz de los hombres
250 _a1 ed.
260 _as.l.,
_cn.f.
650 _aBiblia-Nuevo Testamento-Juan
942 _cBK
999 _c9259
_d9259